000 00438cam a2200181ua 4500
001 266
008 110326n enk |||gr||||Z||||||eng
020 _a0-415-17264-0
040 _cMAIN
082 _a301
245 1 _aSociology :
_bthe basics /
_cby Martin Albrow
250 _a1st.
260 _aLondon:
_bRoutledge,
_c2003.
300 _axiv, 203p.:
_c25cm.
653 _aSociology
700 1 _aAlbrow, Martin.,
_eAuthor.
942 _cBK
999 _c225
_d225